| 000 | 00500nam a2200181 i 4500 | ||
|---|---|---|---|
| 001 | 58475 | ||
| 003 | ES-MaACL | ||
| 005 | 20230906163821.0 | ||
| 007 | t| | ||
| 008 | 031022s1903 fr ||||1| fre d | ||
| 100 | 1 |
_aDugas, L. _9182644 |
|
| 245 | 1 | 3 |
_aLa timidite etude psychologique et morale / _cL. Dugas. |
| 250 | _a3eme ed. augm. | ||
| 260 |
_aParis : _bAlcan, _c1903 ( _eCoulommiers : _fPaul Brodard) |
||
| 300 |
_aVII, 201 p. ; _c18 cm. |
||
| 852 |
_aES-MaACL _jF-11973 |
||
| 999 |
_c58475 _d58475 |
||